| 000 | 00393nam a22001457a 4500 | ||
|---|---|---|---|
| 005 | 20151207151512.0 | ||
| 008 | 151207b xxu||||| |||| 00| 0 eng d | ||
| 040 | _cPK-LaUMT | ||
| 082 |
_aMSC 320.95491 _bAZH-E |
||
| 100 | _aاظہر سہیل | ||
| 245 |
_aایجنسیون کی حکومت _cاظہر سہیل |
||
| 260 |
_aلاہور _bوین گارڈ _c[ ] |
||
| 300 | _a149 ص | ||
| 942 | _cBK | ||
| 999 |
_c80657 _d80657 |
||